| 000 | 02376nam0a2200409 4500 | ||
|---|---|---|---|
| 001 | RU\NLR\BIBL_A\012885740 | ||
| 005 | 20221206161257.0 | ||
| 010 |
_a978-5-6042563-6-7 _9500 |
||
| 021 |
_aRU _bКН-П-22-047078 _9КН-П-22-4069 |
||
| 035 | _a(NLR Aleph) 012885740 | ||
| 035 | _a(RuMoRGB)011151549 | ||
| 090 |
_a12534704 _c12534704 |
||
| 100 | _a20220909d2022 u y0rusy50 ca | ||
| 101 | 0 | _arus | |
| 102 | _aRU | ||
| 105 | _a |||z|||000zy | ||
| 181 | 0 |
_ai3 _baxxe |
|
| 182 | 0 | _an | |
| 200 | 1 |
_aОглашение веры (ведания) родных богов и предков святых. (краткое пояснение искона, традиции, обрядов и частных действ) _fвящий жрец Родобор (Борута) |
|
| 203 |
_aТекст _bвизуальный _cнепосредственный |
||
| 210 |
_a[Б. м. _cб. и.] _d2022 |
||
| 215 |
_a168 с. _cил. _d22 |
||
| 300 | _aЗагл. обл.: Оглашение веры родных богов и предков святых | ||
| 300 | _aНа обороте тит. с. авт.: Мищенко Г.- Родобор (Борута) | ||
| 300 | _aНа тит. с. в вых. дан.: Ярга, 2022 | ||
| 320 | _aБиблиогр.: с. 163 (5 назв.) | ||
| 330 | _aДля тех, кто хочет больше узнать о родной вере а, главное, понять, почему мы сегодня возвращаемся к древним истокам. Сердечно благодарю за помощь в издании книги сородича Сватеня (Сергея М.) и Бера (Михаила Лепешкина), а также благодарю Усладу (Елену Климову) и Радославу (Юлию) за предоставленные фотографии | ||
| 512 | 1 | _aОглашение веры родных богов и предков святых | |
| 606 | 1 |
_aНеоязычество _yРоссия _92208803 _3RU\NLR\AUTH\661326955 |
|
| 686 | 1 | _aЭ231.91 | |
| 700 | 0 |
_7ca _8rus _aРодобор _cпсевдоним _9248773 _3RU\NLR\AUTH\770248829 |
|
| 942 | _cBOOK | ||
| 980 | _aNB | ||